000 00545nam a22001817a 4500
005 20170424112838.0
010 _aENG-117935
020 _c550.00
_a9788171562916
035 _aEN-101467
037 _bDBAD/PUB
082 _a181.46
100 _aBanhatti G.S.
245 _aG.S.Banhatti:
_cby life and philosophy
_bof swami vivekananda/
260 _aNew Delhi
_bAtlantic publishing
_c2015
270 _a7/22,Ansari Road, Darya Ganj,
_bNew Delhi
_e110002
300 _axvi,260p.
_c22cm(Hb)
942 _2ddc
_cEN
_h181.46
_mBAN
999 _c139231
_d139231